Quizzes
Events
Quiz Creation
Community
Videos
Private Events
Remove Ads
Sign In
Join for FREE
Feedback
Dark Mode
Quiz Categories
Sports
Geography
Music
Movies
Television
Just For Fun
Miscellaneous
History
Literature
Language
Science
Gaming
Entertainment
Religion
Holiday
For Kids
Quiz Lab
Recent
Popular Today
Quiz Kudos Today
Editor Picks
Curator Picks
Quizzes by...
Day
Popularity
Type
Ratings
Length
Year
Community
Subscriptions
Recent Discussions
Orange Saloon
Badges
Playlists
Quests
Create
Leaderboards
Showdown
Live 5
Trivia Bingo
Activity
Puzzle Library
Sporcle Events
Private Events
Virtual Trivia
Globe League
Become a Host
Pub Owners
SporcleCon
Opinionation
Our Games
Videos
Blog
Mobile Apps
Partnerships
Remove Ads and Go Orange
Feedback
Language
Vocabulary
Begins and Ends
Definition
Spanish
French
German
Italian
Chinese
Latin
Translation
Japanese
Language
Vocabulary
Begins and Ends
Definition
Spanish
French
German
Italian
Chinese
Latin
Translation
Japanese
Random Quiz
Search Sporcle
×
Quiz Lab
Quiz Lab
Language
het
Type in answers that appear in a list
Type in answers that appear in a list
Classic
Best Score? Go Orange.
Words Ending in Het Stats
Can you name the words ending in Het?
By
longboard
4m
13 Questions
12 Plays
12 Plays
12 Plays
Comments
Comments
Give Quiz Kudos
Give Quiz Kudos
-
- Ratings
hide this ad
Replay
Link that replays current quiz
Next Quiz
Link to next quiz in quiz playlist
You Got
0%
They Got
Avg Score
57%
Avg Friend Score
Upgrade to see
Score Distribution
Jump to the score distribution portion of the page
Score
0/13
Timer
04:00
0
Plays Today
Clue
Word
% Correct
A proclaimer of the will of God
Prophet
83.3%
Rebound, bounce of a bullet
Ricochet
83.3%
Nickname for Chester
Chet
83.3%
Small ax with a short handle for use in one hand
Hatchet
75%
A handicraft in which yarn is made up into a patterned fabric by looping yarn with a hooked needle
Crochet
66.7%
Sharpen, hone, strop
Whet
66.7%
A mechanical device that allows movement in only one direction (socket wrench)
Ratchet
58.3%
Small perfumed bag used to scent clothes
Sachet
50%
Prestige, status, standing
Cachet
41.7%
Sobriquet, nickname, byname
Epithet
41.7%
Siege weapon used in the Middle Ages (to fling projectiles)
Trebuchet
41.7%
An attractive and sexually mature young girl
Nymphet
33.3%
A plain metal disk from which a coin is made
Planchet
16.7%
Quiz Playlist
Details
Report
Send in Message
Add To Playlist
Classic:
Type in answers that appear in a list
Last Updated: Feb 16, 2017
Quiz Scoreboard
CHALLENGE
Sign Up to Join the Scoreboard
Show All
Scores
Hide
Comments
May contain spoilers
Recently Published
Movies - When Are They Set?
by FPL_Elf
Movies
5m
Popular People in 1961
by mucciniale
History
6m
1-10 Letter E Words III
by El_Dandy
Language
2m
More to Explore
Quiz From the Vault
Featured Blog Post
Where Did the Easter Bunny Come From?
hide this ad
You Might Also Like...
Tags
Ending
het
Today's Top Quizzes in Language
Browse Language
hide this ad
Top Contributed Quizzes in Language
1
Order Up: Top 10 Most Native Spoken Languages
2
1-10 Letter F Words III
3
1-10 Letter G Words III
4
1-10 Letter H Words III
5
1-10 Letter I Words III
6
One Thing in Common: Italy
7
1-10 Letter J Words III
8
Weisst du, aus welchen Sprachen diese Wörter stammen?
9
Hiragana Speed Reading
10
Begins and Ends With AN
Explore More
Trending Topics
Crossword
Harry Potter
NBA
Anime
Marvel
Kpop
Disney
Song
Country
NFL
Puzzle
Pokémon
Soccer
WWE
The Office
hide this ad
More By:
longboard
Quiz
Plays
Rating
Category
Featured
Created
Countries of the Americas A-Z
73,244
4.69
Geography
May 7, 2015
'S' African Countries
62,119
4.60
Geography
May 8, 2015
First and Last Five Countries: World
54,875
4.68
Geography
Jun 12, 2015
Island Nations A-Z
50,267
4.50
Geography
May 7, 2015
Amazon Rainforest Countries
46,845
3.88
Geography
Apr 1, 2014
Go to Creator's Profile
Score Distribution
Quiz Creator Spotlight
longboard
Follow
Send a Message
Quizzes Created
-
Created Quiz Play Count
-
More By This Creator
Popular Quizzes Today
1
Find the Countries of Europe - No Outlines Minefield
2
Find the US States - No Outlines Minefield
3
The Countries of the World
4
Popular People in 1961
5
US States
6
1-10 Letter E Words III
7
Find the US States
8
One Thing in Common: World Cities II
More Language Quizzes
Languages Venn Diagram
Published
Trending Quizzes
Risky Map Clicking: Least Populous States A-Z
1-10 Letter F Words
Humor Books: The Subtitles
1-10 Letter G Words
One Thing in Common: United Kingdom
Recently Updated
Leaping Animals
pecheneg
Reality TV Shows (A-Z)
bhenderson79
Rickey Henderson's Hall of Fame Teammates
pecheneg
Champions League XIs: Arsenal
pecheneg
Quick Pick: Celebrities in WWE's Hall of Fame
aduchscher
A-Z Keypad Blitz II
pecheneg
Multiple Oscar Actors
pecheneg
Mystery Phrase Blitz: Oscar 'Best Actors'
pecheneg
F. Scott Fitzgerald Novels
LTH
Pick 3 Villains
ddd62291
Trending Topics
NBA
Crossword
Harry Potter
Anime
Marvel
Kpop
Disney
The Office
Puzzle
WWE
Song
Soccer
Country
Pokémon
NFL
Your Account Isn't Verified!
In order to create a playlist on Sporcle, you need to verify the email address you used during registration. Go to your
Sporcle Settings
to finish the process.
Report this User
Report this user for behavior that violates our
Community Guidelines
.
Details:
Send Report
Go to the Sporcle.com Mobile Site →
Comments